| 000 | 00703cam a2200205 a 4500 | ||
|---|---|---|---|
| 001 | 542598 | ||
| 005 | 20250204154212.0 | ||
| 008 | 870817s1986 nyua 000 0 eng | ||
| 050 | 0 | 0 |
_aRB120 _b.K36 1986 |
| 082 | 0 | 0 |
_a616.07 _219 |
| 100 | 1 |
_aKaplan, Stanley H. _q(Stanley Henry), _d1919-2009. |
|
| 245 | 1 | 0 |
_aPathology / _c[as developed by Stanley H. Kaplan]. |
| 260 |
_a[New York, N.Y.] : _bS.H. Kaplan Educational Center, _cc1987. |
||
| 300 |
_av, 223 p. : _bill. ; _c26 cm. |
||
| 440 | 0 | _aBasic medical science notes | |
| 500 | _aSpine title: Pathology notes. | ||
| 650 | 0 |
_aPathology _vOutlines, syllabi, etc. |
|
| 710 | 2 | _aStanley H. Kaplan Educational Center (New York, N.Y.) | |
| 942 |
_2lcc _cBK _n0 |
||
| 999 |
_c3433 _d3433 |
||